书目信息 |
| 题名: |
跟我学口才
|
|
| 作者: | 方位津 著 | |
| 分册: | ||
| 出版信息: | 北京 首都经济贸易大学出版社 2005.10 |
|
| 页数: | 305页 | |
| 开本: | 20cm | |
| 丛书名: | ||
| 单 册: | ||
| 中图分类: | H019 | |
| 科图分类: | ||
| 主题词: | 口才学--kou cai xue--教材 | |
| 电子资源: | ||
| ISBN: | 978-7-5638-0925-2 | |
| 000 | 00894nam0 2200253 450 | |
| 001 | 010263146241 | |
| 005 | 20100412082554.59 | |
| 010 | @a978-7-5638-0925-2@dCNY25.00 | |
| 100 | @a20100411d2005 em y0chiy0120 ea | |
| 101 | 0 | @achi |
| 102 | @aCN@b310000 | |
| 105 | @ay z 000yy | |
| 106 | @ar | |
| 200 | 1 | @a跟我学口才@Agen wo xue kou cai@e实用口才训练教程@f方位津著@Ffang wei jin zhu |
| 205 | @a第2版@b修订版 | |
| 210 | @a北京@c首都经济贸易大学出版社@d2005.10 | |
| 215 | @a305页@d20cm | |
| 330 | @a本教程分五篇。从口才基础训练入手,到口才技巧训练、口才思维训练、口才综合训练、职业口才训练。各章内容均由理论阐述、技巧介绍和训练题目三部分构成。 | |
| 517 | 1 | @a实用口才训练教程@Ashi yong kou cai xun lian jiao cheng |
| 606 | 0 | @a口才学@Akou cai xue@j教材 |
| 690 | @aH019@v4 | |
| 701 | 0 | @a方位津@Afang wei jin@4著 |
| 801 | 0 | @aCN@bQSSK@c20100412 |
| 905 | @b776471-73@dH019@eF252@f3 | |
| 跟我学口才:实用口才训练教程/方位津著.-第2版,修订版.-北京:首都经济贸易大学出版社,2005.10 |
| 305页;20cm |
| ISBN 978-7-5638-0925-2:CNY25.00 |
| 本教程分五篇。从口才基础训练入手,到口才技巧训练、口才思维训练、口才综合训练、职业口才训练。各章内容均由理论阐述、技巧介绍和训练题目三部分构成。 |
| ● |
| 相关链接 |
|
|
|
正题名:跟我学口才
索取号:H019/F252
 
预约/预借
| 序号 | 登录号 | 条形码 | 馆藏地/架位号 | 状态 | 备注 |
| 1 | 776471 | 207764711 | 语言库209/209语言库 63排1列3层/ [索取号:H019/F252] | 在馆 | |
| 2 | 776472 | 207764720 | 语言库209/209语言库 63排1列3层/ [索取号:H019/F252] | 在馆 | |
| 3 | 776473 | 207764739 | 语言库209/209语言库 63排1列3层/ [索取号:H019/F252] | 在馆 |